Statistiques concernant 10 morts les plus tristes dans Harry Potter

Cliquez ici pour prendre le quiz!

Statistiques générales

  • Ce quiz a été pris 1 183 fois
  • Le résultat moyen est 8 sur 10

Statistiques - réponses

PlaceFilm de mortPersonnage% Correct
86SeulAlbus
94%
47p2SeulFred
92%
35SeulSirius
91%
74SeulCédric
87%
27p1SeulDobby
84%
97p2SeulSeverus
79%
5avant le 1DeuxJames et Lily
75%
67p2DeuxLupin et Tonks
61%
17p1SeuleHedwige
60%
107p1SeulMaugrey (le vrai)
46%

Distribution des résultats

Percentile par nombre de réponses

% des personnes avec chaque résultat

Votre développement - résultats

Vous n’avez pas pris ce quiz